000 00807nam a2200229 i 4500
003 DO-SdBNP
005 20240916153454.0
007 ta
008 240916s1952 dr 000 0 spa d
040 _aDO-SdBNP
_bspa
_cBNPHU
_erda
082 _bP123
_222
100 1 _aPadilla D´onis, Luis
_eautor
_986589
245 1 0 _aSíntesis histórica del as universidades de Santo Tomas de Aquino y de Santiago de la Paz /
_cLuis Padilla D´´onis
264 _aCiudad Trujillo, República Dominicana] :
_bInstituto de Investigaciones Históricas,
_bEditorial Imprenta Unión,
_c1952.
300 _a35 paginas. ;
_c24 cm.
336 _2rdacontent
_atexto
_btxt
337 _2rdamedia
_asin mediación
_bn
338 _2rdacarrier
_avolumen
_bnc
590 _aInventariado, 2024 / YL
910 _aDG
942 _2ddc
_cLF2
999 _c57701
_d57701